Rediseño de los procesos de administración de inventarios y almacenaje en la empresa Café El Rey S.A
Guardado en:
| Hovedforfatter: | |
|---|---|
| Format: | Bog |
| Udgivet: |
2006
[San José, Costa Rica]
|
| Fag: | |
| Tags: |
Tilføj Tag
Ingen Tags, Vær først til at tagge denne postø!
|
MARC
| LEADER | 00000nam a2200000Ia 4500 | ||
|---|---|---|---|
| 003 | 009783 | ||
| 005 | 20221231144119.0 | ||
| 008 | 140114s2006 cr a m 000 ||s d | ||
| 040 | |c cru CEDI | ||
| 090 | |a TFG 5310 | ||
| 100 | |a Pacheco Gutiérrez, Jorge M. |9 5405 | ||
| 245 | |a Rediseño de los procesos de administración de inventarios y almacenaje en la empresa Café El Rey S.A | ||
| 260 | |c [San José, Costa Rica] |b 2006 | ||
| 300 | |a 2 volúmenes : ilustraciones (algunas a color) | ||
| 500 | |a Tesis (licenciatura en ingeniería industrial)--Universidad de Costa Rica. Facultad de Ingeniería. Escuela de Ingeniería Industrial | ||
| 650 | |x EMPRESA CAFE EL REY (COSTA RICA) |x CONTROL DE INVENTARIOS |x ADMINISTRACION |x CONTROL DE INVENTARIOS |x ADMINISTRACION |x ALMACENAJE |x INVENTARIOS |x CONTROL DE PROCESOS |9 5406 | ||
| 942 | |c TFG | ||
| 999 | |c 17082 |d 17082 | ||
